Top 10 Largest Cities in Japan - Sudden Death - Statistics

General Stats
  • This quiz has been taken 61 times
  • The average score is 5 of 10
Answers on the Grid
Answers color-coded by a green-red scale on the quiz's grid according to % correct below.
Tokyo
Yokohama
Osaka
Nagoya
Sapporo
Kobe
Kyoto
Fukuoka
Kawasaki
Saitama
Hiroshima
Yono
Sendai
Kitakyushu
Chiba
Sakai
Shizuoka
Kumamoto
Okayama
Hamamatsu
Hachioji
Honcho
Kagoshima
Niigata
Himeji
 
Answer Stats
Answer % Correct
Tokyo
87%
Osaka
77%
Nagoya
67%
Yokohama
59%
Sapporo
56%
Kyoto
54%
Fukuoka
49%
Kobe
33%
Kawasaki
26%
Saitama
23%
No matching quizzes found
Score Distribution
Percent of People with Each Score
Percentile by Number Answered
Your Score History
You have not taken this quiz